Standard federal tax reporter.

Includes legislation, court decisions, Tax Court cases, rulings, and related material.

Bibliographic Details
Previous Title:Commerce Clearing House. Standard federal tax service
Corporate Authors: Commerce Clearing House, United States
Format: Serial
Language:English
Published: Chicago [etc.] [publisher not identified] ;
Subjects:

MARC

Tag First Indicator Second Indicator Subfields
LEADER 00000cas a2200000 4500
001 in00000736813
005 20151016081833.0
008 770330c194u9999iluar w 0chua0enge
010 |a  30014274  
035 |a (OCoLC)02848495 
035 |9 ADG5647AM 
040 |a DLC  |c IAO  |d UCU  |d TXA  |d UtOrBLW 
049 |a  TXAE [Latest] [ed:Ref] 
090 |a KF6365  |b .C7 
110 2 |a Commerce Clearing House. 
222 0 |a Standard federal tax reporter 
245 1 0 |a Standard federal tax reporter. 
264 1 |a Chicago [etc.]  |b [publisher not identified] ; 
300 |a volumes ;  |c 25 cm. 
336 |a text  |b txt  |2 rdacontent 
337 |a unmediated  |b n  |2 rdamedia 
338 |a volume  |b nc  |2 rdacarrier 
362 0 |a 194 - 
500 |a Looseleaf for updating. 
500 |a To be kept up to date by weekly reports called: Standard federal tax reports. 
520 |a Includes legislation, court decisions, Tax Court cases, rulings, and related material. 
650 0 |a Income tax  |x Law and legislation  |z United States. 
650 0 |a Taxation  |z United States  |x Law and legislation. 
650 0 |a Excess profits tax  |z United States. 
710 1 |a United States.  |t Laws, etc. 
730 0 |a Standard federal tax reports. 
780 0 0 |a Commerce Clearing House.  |t Standard federal tax service 
999 |a MARS 
999 f f |s b3785d24-d9ad-3e24-b1c5-8eea6e52e918  |i c9313df7-88fc-3610-ba60-4fe630d45a2b  |t 0 
952 f f |p ric  |a Texas A&M University  |b Rellis Campus  |c Joint Library Facility  |d Remote Storage  |t 0  |e KF6365 .C7  |h Library of Congress classification  |i unmediated -- volume  |k v.15  |m A14817649870 
952 f f |p ric  |a Texas A&M University  |b Rellis Campus  |c Joint Library Facility  |d Remote Storage  |t 0  |e KF6365 .C7  |h Library of Congress classification  |i unmediated -- volume  |k v.4  |m A14825169274 
952 f f |p ric  |a Texas A&M University  |b Rellis Campus  |c Joint Library Facility  |d Remote Storage  |t 0  |e KF6365 .C7  |h Library of Congress classification  |i unmediated -- volume  |k Internal Revenue Code:1  |m A14813919477 
952 f f |p ric  |a Texas A&M University  |b Rellis Campus  |c Joint Library Facility  |d Remote Storage  |t 0  |e KF6365 .C7  |h Library of Congress classification  |i unmediated -- volume  |k Index  |m A14817649977 
952 f f |p ric  |a Texas A&M University  |b Rellis Campus  |c Joint Library Facility  |d Remote Storage  |t 0  |e KF6365 .C7  |h Library of Congress classification  |i unmediated -- volume  |k v.19  |m A14822570816 
952 f f |p ric  |a Texas A&M University  |b Rellis Campus  |c Joint Library Facility  |d Remote Storage  |t 0  |e KF6365 .C7  |h Library of Congress classification  |i unmediated -- volume  |k U.S. Tax Cases  |m A14813919574 
952 f f |p ric  |a Texas A&M University  |b Rellis Campus  |c Joint Library Facility  |d Remote Storage  |t 0  |e KF6365 .C7  |h Library of Congress classification  |i unmediated -- volume  |k Citator:N/Z  |m A14822570727 
952 f f |p ric  |a Texas A&M University  |b Rellis Campus  |c Joint Library Facility  |d Remote Storage  |t 0  |e KF6365 .C7  |h Library of Congress classification  |i unmediated -- volume  |k v.9  |m A14817649579 
952 f f |p ric  |a Texas A&M University  |b Rellis Campus  |c Joint Library Facility  |d Remote Storage  |t 0  |e KF6365 .C7  |h Library of Congress classification  |i unmediated -- volume  |k v.1  |m A14817649171 
952 f f |p ric  |a Texas A&M University  |b Rellis Campus  |c Joint Library Facility  |d Remote Storage  |t 0  |e KF6365 .C7  |h Library of Congress classification  |i unmediated -- volume  |k v.13  |m A14817649773 
952 f f |p ric  |a Texas A&M University  |b Rellis Campus  |c Joint Library Facility  |d Remote Storage  |t 0  |e KF6365 .C7  |h Library of Congress classification  |i unmediated -- volume  |k v.6  |m A14817649422 
952 f f |p ric  |a Texas A&M University  |b Rellis Campus  |c Joint Library Facility  |d Remote Storage  |t 0  |e KF6365 .C7  |h Library of Congress classification  |i unmediated -- volume  |k v.14  |m A14817649820 
952 f f |p ric  |a Texas A&M University  |b Rellis Campus  |c Joint Library Facility  |d Remote Storage  |t 0  |e KF6365 .C7  |h Library of Congress classification  |i unmediated -- volume  |k v.10  |m A14817649626 
952 f f |p ric  |a Texas A&M University  |b Rellis Campus  |c Joint Library Facility  |d Remote Storage  |t 0  |e KF6365 .C7  |h Library of Congress classification  |i unmediated -- volume  |k Citator:A/M  |m A14822570777 
952 f f |p ric  |a Texas A&M University  |b Rellis Campus  |c Joint Library Facility  |d Remote Storage  |t 0  |e KF6365 .C7  |h Library of Congress classification  |i unmediated -- volume  |k v.18  |m A14811260076 
952 f f |p ric  |a Texas A&M University  |b Rellis Campus  |c Joint Library Facility  |d Remote Storage  |t 0  |e KF6365 .C7  |h Library of Congress classification  |i unmediated -- volume  |k v.16  |m A14817649927 
952 f f |p ric  |a Texas A&M University  |b Rellis Campus  |c Joint Library Facility  |d Remote Storage  |t 0  |e KF6365 .C7  |h Library of Congress classification  |i unmediated -- volume  |k v.8  |m A14817649529 
952 f f |p ric  |a Texas A&M University  |b Rellis Campus  |c Joint Library Facility  |d Remote Storage  |t 0  |e KF6365 .C7  |h Library of Congress classification  |i unmediated -- volume  |k v.7  |m A14817649472 
952 f f |p ric  |a Texas A&M University  |b Rellis Campus  |c Joint Library Facility  |d Remote Storage  |t 0  |e KF6365 .C7  |h Library of Congress classification  |i unmediated -- volume  |k Internal Revenue Code:2  |m A14813919524 
952 f f |p ric  |a Texas A&M University  |b Rellis Campus  |c Joint Library Facility  |d Remote Storage  |t 0  |e KF6365 .C7  |h Library of Congress classification  |i unmediated -- volume  |k v.11  |m A14817649676 
952 f f |p ric  |a Texas A&M University  |b Rellis Campus  |c Joint Library Facility  |d Remote Storage  |t 0  |e KF6365 .C7  |h Library of Congress classification  |i unmediated -- volume  |k v.12  |m A14817649723 
952 f f |p ric  |a Texas A&M University  |b Rellis Campus  |c Joint Library Facility  |d Remote Storage  |t 0  |e KF6365 .C7  |h Library of Congress classification  |i unmediated -- volume  |k v.17  |m A14811260123 
952 f f |p ric  |a Texas A&M University  |b Rellis Campus  |c Joint Library Facility  |d Remote Storage  |t 0  |e KF6365 .C7  |h Library of Congress classification  |i unmediated -- volume  |k v.3  |m A14817649278 
952 f f |p ric  |a Texas A&M University  |b Rellis Campus  |c Joint Library Facility  |d Remote Storage  |t 0  |e KF6365 .C7  |h Library of Congress classification  |i unmediated -- volume  |k v.2  |m A14817649228 
952 f f |p ric  |a Texas A&M University  |b Rellis Campus  |c Joint Library Facility  |d Remote Storage  |t 0  |e KF6365 .C7  |h Library of Congress classification  |i unmediated -- volume  |k v.5  |m A14817649375 
998 f f |a KF6365 .C7  |s "Citator"  |t 0  |l Remote Storage